Statistics for Guess the letter by its number

Click here to take the quiz!

General Stats

  • This quiz has been taken 17 times
  • The average score is 6 of 10

Answer Stats

PositionLetter% Correct
1A
100%
2B
100%
3C
100%
9I
100%
10J
100%
15O
100%
23W
100%
24X
100%
25Y
100%
26Z
100%
8H
50%
13M
50%
20T
50%
21U
50%
4D
0%
5E
0%
6F
0%
7G
0%
11K
0%
12L
0%
14N
0%
16P
0%
17Q
0%
18R
0%
19S
0%
22V
0%

Score Distribution

Percentile by Number Answered

Percent of People with Each Score

Your Score History

You have not taken this quiz